00264nam a2200109Ia 4500008004100000245003800041260002200079440000600101521002300107942000700130999001700137140130s9999 xx 000 0 und d cReynolds, AaronaChicks and salsa bScholastic,c2005 v1 aGrade 7 - Grade 12 cBK c41350d41350